<?xml version="1.0" encoding="UTF-8"?>
<record
    xmlns:xsi="http://www.w3.org/2001/XMLSchema-instance"
    xsi:schemaLocation="http://www.loc.gov/MARC21/slim http://www.loc.gov/standards/marcxml/schema/MARC21slim.xsd"
    xmlns="http://www.loc.gov/MARC21/slim">

  <leader>01751    a2200217   4500</leader>
  <controlfield tag="001">56813</controlfield>
  <controlfield tag="005">20260407155831.0</controlfield>
  <controlfield tag="008">260407a1958    arg                 spa d</controlfield>
  <controlfield tag="003">AR-UNSa-BCEJYS</controlfield>
  <datafield tag="040" ind1=" " ind2=" ">
    <subfield code="a">AR-UNSa-BCEJYS</subfield>
    <subfield code="b">spa</subfield>
    <subfield code="c">AR-UNSa-BCEJYS</subfield>
  </datafield>
  <datafield tag="080" ind1=" " ind2=" ">
    <subfield code="a">001.8</subfield>
    <subfield code="x">Metodolog&#xED;a. Estudio general del m&#xE9;todo. Procedimientos cient&#xED;ficos y t&#xE9;cnicos para el estudio, La investigaci&#xF3;n y la discusi&#xF3;n</subfield>
  </datafield>
  <datafield tag="245" ind1="1" ind2="0">
    <subfield code="a">Metodolog&#xED;a de la ciencia econ&#xF3;mica</subfield>
    <subfield code="p">los problemas actuales del an&#xE1;lisis econ&#xF3;mico, sus enfoques fundamentales</subfield>
  </datafield>
  <datafield tag="264" ind1=" " ind2="1">
    <subfield code="a">M&#xE9;xico :</subfield>
    <subfield code="b">El Ateneo</subfield>
    <subfield code="c">1958</subfield>
  </datafield>
  <datafield tag="300" ind1=" " ind2=" ">
    <subfield code="a">246 p.</subfield>
    <subfield code="c">22 cm.</subfield>
  </datafield>
  <datafield tag="505" ind1=" " ind2=" ">
    <subfield code="a">1. El enfoque macroecon&#xF3;mico - Secci&#xF3;n1.El an&#xE1;lisis del comportamiento individual del hombre &#xB4;&#xB4;social&#xB4;&#xB4; - secci&#xF3;n 2.Estudio de los resultados; investigaci&#xF3;n acerca de los principios  de la actividad de los grupos, considerado como tales &#x2013; secci&#xF3;n 3.El problema del tr&#xE1;nsito del an&#xE1;lisis microecon&#xF3;mico al an&#xE1;lisis macroecon&#xF3;mico &#x2013; secci&#xF3;n 4. El recurso del an&#xE1;lisis macroecon&#xF3;mico implica acaso el abandono del an&#xE1;lisis subjetivo(o cualitativo) y el triunfo del an&#xE1;lisis objetivo &#x2013; 2.El enfoque din&#xE1;mico &#x2013; secci&#xF3;n 1.La convergencia hist&#xF3;rica de las diversas  concepciones  sobre la din&#xE1;mica; definici&#xF3;n  y caracter&#xED;stica del an&#xE1;lisis  din&#xE1;mico moderno &#x2013; secci&#xF3;n 2.La din&#xE1;mica a corto plazo o din&#xE1;mica &#xB4;&#xB4;en el sistema &#xB4;&#xB4; -secci&#xF3;n 3. La din&#xE1;mica a largo plazo o din&#xE1;mica &#xB4;&#xB4;de los sistemas&#xB4;&#xB4;- secci&#xF3;n 4. Como se efect&#xFA;a el paso del periodo corto al periodo largo y el periodo de la unidad de las din&#xE1;micas econ&#xF3;micas.</subfield>
  </datafield>
  <datafield tag="942" ind1=" " ind2=" ">
    <subfield code="c">BK</subfield>
  </datafield>
  <datafield tag="590" ind1=" " ind2=" ">
    <subfield code="a">niveau_biblio:m niveau_hierar:0</subfield>
  </datafield>
  <datafield tag="100" ind1="1" ind2=" ">
    <subfield code="a">Marchal, Andr&#xE9;</subfield>
  </datafield>
  <datafield tag="700" ind1="1" ind2=" ">
    <subfield code="a">Dimitriu, Constantino</subfield>
  </datafield>
  <datafield tag="700" ind1="1" ind2=" ">
    <subfield code="a">Mancini, Luis J.</subfield>
  </datafield>
  <datafield tag="999" ind1=" " ind2=" ">
    <subfield code="c">6053</subfield>
    <subfield code="d">6053</subfield>
  </datafield>
  <datafield tag="952" ind1=" " ind2=" ">
    <subfield code="0">0</subfield>
    <subfield code="1">0</subfield>
    <subfield code="4">0</subfield>
    <subfield code="7">0</subfield>
    <subfield code="a">BCEJYS</subfield>
    <subfield code="b">BCEJYS</subfield>
    <subfield code="c">16</subfield>
    <subfield code="d">2026-04-07</subfield>
    <subfield code="l">0</subfield>
    <subfield code="o">001.8 M315e</subfield>
    <subfield code="p">L20558</subfield>
    <subfield code="r">2026-04-07 15:58:31</subfield>
    <subfield code="w">2026-04-07</subfield>
    <subfield code="y">L</subfield>
  </datafield>
</record>
